Регионална библиотека "Любен Каравелов" - Русе

Пеперудено щастие (Запис номер 43413)

MARC детайли
000 -Лидер
Контролно поле с фиксирана дължина 01110nam a2200301 c 4500
003 - Код на организацията, давaща контролен номер
Контролно поле BLK
005 - Дата и час на последна редакция
Контролно поле 20240418113857.0
008 - Елементи от данни с фиксирана дължина
fixed length control field 180408b bul|||||r ||||||| ||bul||
010 ## - Наследен системен номер
LC control number KNG00047147000
020 ## - Международен стандартен номер на книга ISBN
Международен стандартен номер на книга ISBN 954-8560-17-8
-- издат.: Парнас
040 ## - Източник на каталожния запис
Идентификатор на билиотеката - собственик на записа BLK
041 ## - Код за език
Код за езика на текст/звукозапис или на отделно заглавие Български
Код за езика КДБФ Български
080 ## - УДК
Текстов определител УДК Българска литература
УДК код - определител по УДК 821.163.2
УДК определител -34
УДК - код + определител 821.163.2-34
100 ## - Редна дума - Автор
Автор Абаджиев, Пламен Георгиев
Дати, свързани с автора 1955 -
Автор - информация (биография) Публицист, новелист
R(LIN) 250128
139 ## - Редно поле
Редна дума Абаджиев, Пламен Георгиев
Авторски знак Аб - А 12
245 10 - Сведения за заглавието
Заглавие Пеперудено щастие
Подзаглавни данни Приказка
Редно поле (дума) Пламен Георгиев Абаджиев.
257 ## - Страна на издаване
Страна на създаване/издаване България
260 ## - Област на издателските данни
-- Русе
Име на издателя, разпространителя и проч. Парнас
Година на издаване 1997
300 ## - Физическа характеристика
Страници 16 с.
Илюстрации и др. с ил.
Размери/Мащаб 16 см
380 ## - Жанр
Жанр Детска худож. лит.
490 1# - СЕРИИ (Колекции)
Име на серия Приказките на стария Пънчо
852 ## - Местоположение
Форматна сигнатура Цб І 28577
856 4# - Електронен адрес и достъп
Електронен формат pdf - файл
Път до файла /url/
856 4# - Електронен адрес и достъп
Електронен формат pdf - файл
Път до файла /url/
942 ## - АРТИКУЛИ
Вид на библиотечния материал Книги
Скрит в OPAC Не
Koha issues (borrowed), all copies 5
944 ## - СЪЗДАВАНЕ И РЕДАКЦИЯ на ЗАПИСА
Създаване/Редакция Създаване
Дата на регистрацията/редакция 01.01.1999
Служител, извършил регистрацията/редакцията 30560
Статус, дата на статуса Геновева Генчева
944 ## - СЪЗДАВАНЕ И РЕДАКЦИЯ на ЗАПИСА
Създаване/Редакция Редакция
Дата на регистрацията/редакция 21.07.2017
Служител, извършил регистрацията/редакцията Пенка_Димитрова
999 ## - СИСТЕМНИ КОНТРОЛНИ НОМЕРА
Koha biblionumber 43413
Koha biblioitemnumber 43413
Наличности
Код за отписване Код за изгубен артикул Източник на класификационната схема Код за повреда Коз за рестрикции Код за отдаване Артикулен № Име на библиотеката - собственик Име на библиотеката, в която се намира в момента Статус (Текущо местоположение) Дата на вписване в системата Местоположение - отдел Цена в лева Инвентарен номер Систематично азбучна сигнатура Баркод Номер на екземпляра Цена в евро Служебна бележка Служебен тип на артикула
  Не е изгубен Universal Decimal Classification Не е повреден без рестрикции ползва се в читалня 68215 Регионална библиотека "Любен Каравелов" Русе Регионална библиотека "Любен Каравелов" Русе Хранилище 1997-01-01 Хранилище 0.00 625584 Цб І 28577 120000625584 1 0.00 Дост: Dp Вид: Д N: стар фонд Дата: 01.01.1997 Книги
Изтеглен Не е изгубен Universal Decimal Classification Не е повреден без рестрикции заемане за дома 68216 Регионална библиотека "Любен Каравелов" Русе Регионална библиотека "Любен Каравелов" Русе Детски отдел 1997-01-01 Детски отдел 0.30 627412 ДХ 886.7/А 12 627412 2 0.15 Дост: Pk Вид: Ф N: стар фонд Дата: 01.01.1997 Дата инв: 12.08.2015 Бележки инв: Д2015 Книги
Изтеглен Не е изгубен Universal Decimal Classification Не е повреден без рестрикции заемане за дома 68217 Регионална библиотека "Любен Каравелов" Русе Регионална библиотека "Любен Каравелов" Русе Детски отдел 1997-01-01 Детски отдел 0.10 635304 ДХ 886.7/А 12 635304 3 0.05 Дост: Pk Вид: Ф N: стар фонд Дата: 01.01.1997 Дата инв: 28.08.2015 Бележки инв: Д2015 Книги
  Не е изгубен   Не е повреден без рестрикции заемане за дома 68218 Регионална библиотека "Любен Каравелов" Русе Регионална библиотека "Любен Каравелов" Русе Детски отдел 2017-07-20 Детски отдел 3.00 120000813767 ДХ 886.7/А 12 120000813767 4 1.53 Дост: DA Вид: А N: 32 Дата: 20.07.2017 Книги
Vip Innovations Ltd, Rousse, Bulgaria 2025